| 000 | 00654nam a22002057a 4500 | ||
|---|---|---|---|
| 999 |
_c1339 _d1339 |
||
| 001 | 19163 | ||
| 003 | BD-DhUAP | ||
| 005 | 20200205162658.0 | ||
| 008 | 200205s2014 bg ||||| b||| 00| 0 eng d | ||
| 040 |
_aBD-DhUAP _bEng _cBD-DhUAP _dBD-DhUAP |
||
| 082 |
_223 _a343.54920994 HAN |
||
| 100 | _aHanif, Md. Abu. | ||
| 245 |
_aMass media and cyber laws of Bangladesh / _cMd. Abu Hanif. |
||
| 260 |
_aDhaka : _bNational law book house, _cc2014. |
||
| 300 |
_a625 pages ; _c22 cm. |
||
| 504 | _aIncludes bibliographies. | ||
| 650 |
_aInternet _vLaw and legislation _zbangladesh. |
||
| 650 |
_aComputer networks _vLaw and legislation _zBangladesh. |
||
| 942 |
_2ddc _cBK |
||